000 00370nam a22001577a 4500
003 MACL
005 20151205163516.0
008 151205b xxu||||| |||| 00| 0 eng d
040 _cMACL
041 _aEnglish
082 _a741.642
100 _aMohanty,Jagannath
_919404
245 _aWonders of Communication
650 _aChildren's book
_919405
942 _2ddc
_cBK
999 _c51426
_d51426